[Event "Maastricht Limburg op-C 5th"]
[Site "Maastricht"]
[Date "2011.06.12"]
[Round "4"]
[White "Hodzic, Hajrudin"]
[Black "Mollema, Henk"]
[Result "1-0"]
[WhiteElo "1678"]
[BlackElo "1397"]
[PlyCount "107"]
[EventDate "2011.06.10"]
[EventType "swiss"]
[EventRounds "7"]
[EventCountry "NED"]
[SourceTitle "EXT 2012"]
[Source "ChessBase"]
[SourceDate "2011.11.24"]
[SourceVersion "1"]
[SourceVersionDate "2011.11.24"]
[SourceQuality "1"]

1. d4 d5 2. Nf3 Bf5 3. g3 Nf6 4. Bg2 Nc6 5. c3 e6 6. Bg5 Be7 7. 0-0 Ne4 8. Bxe7 Qxe7 9. Nbd2 0-0 10. Ne5 Nxe5 11. dxe5 Rad8 12. e3 f6 13. exf6 Qxf6 14. f3 Nc5 15. Nb3 Qe7 16. Nxc5 Qxc5 17. Qd4 Qb5 18. Rf2 c5 19. Qe5 Qd7 20. g4 Bd3 21. Rd1 c4 22. h3 b5 23. a3 a5 24. Kh2 Qd6 25. Qxd6 Rxd6 26. f4 Rb6 27. Kg3 b4 28. axb4 axb4 29. cxb4 Rxb4 30. f5 Rb3 31. Rdd2 Be4 32. Bxe4 dxe4 33. Kf4 Rb4 34. Rd4 exf5 35. gxf5 Rfb8 36. Rxe4 Rf8 37. Rd4 g6 38. e4 Kg7 39. h4 h6 40. Rg2 Rf6 41. Rc2 gxf5 42. Rdxc4 Rxc4 43. Rxc4 fxe4+ 44. Kxe4 Rb6 45. b4 Rb5 46. Kd3 Kf7 47. Re4 Kf6 48. Kc4 Rb8 49. b5 Rc8+ 50. Kb4 Kf5 51. Rc4 Rb8 52. Ka5 Ra8+ 53. Kb6 Rb8+ 54. Ka6 1-0

[Event "Maastricht Limburg op-C 5th"]
[Site "Maastricht"]
[Date "2011.06.10"]
[Round "1"]
[White "Freriks, Oscar"]
[Black "Hodzic, Hajrudin"]
[Result "0-1"]
[WhiteElo "1505"]
[BlackElo "1678"]
[PlyCount "70"]
[EventDate "2011.06.10"]
[EventType "swiss"]
[EventRounds "7"]
[EventCountry "NED"]
[SourceTitle "EXT 2012"]
[Source "ChessBase"]
[SourceDate "2011.11.24"]
[SourceVersion "1"]
[SourceVersionDate "2011.11.24"]
[SourceQuality "1"]

1. e4 d5 2. exd5 Qxd5 3. Nc3 Qd8 4. Nf3 c6 5. Bc4 e6 6. d3 Nf6 7. Bf4 Nbd7 8. Qe2 Nb6 9. 0-0 Be7 10. Bb3 Nfd5 11. Be5 Nxc3 12. Bxc3 0-0 13. Rfe1 Nd5 14. Be5 Bd6 15. Rad1 a5 16. a4 Qc7 17. Qe4 Bxe5 18. Nxe5 Qe7 19. c4 Nf6 20. Qf3 Nd7 21. d4 Nxe5 22. Rxe5 f5 23. c5 Rf6 24. Rxf5 Bd7 25. Re1 Raf8 26. Rxf6 Rxf6 27. Qc3 Qd8 28. Qh3 Qc8 29. Re5 g6 30. g4 Qf8 31. Qe3 Rf3 32. Bxe6+ Bxe6 33. Qe1 Bd7 34. g5 Rf5 35. Re7 Rxg5+ 0-1